000 00221nam a2200097Ia 4500
008 120527s9999 xx 000 0 und d
100 _aUnited Ntion.
245 _aA handbook of public Admin.
260 _bU.N
942 _cBK
999 _c21843
_d21843